Normal view
MARC view
- MODELING OF DYNAMIC SYSTEM.CONTROL OF DYNAMIC SYSTEM.CONTROL ENGINEERING
Entry Topical Term
001 - CONTROL NUMBER
- control field: 63352
003 - CONTROL NUMBER IDENTIFIER
- control field: NUST
005 - DATE AND TIME OF LATEST TRANSACTION
- control field: 20210628203115.0
008 - FIXED-LENGTH DATA ELEMENTS
- fixed length control field: 210628|| aca||aabn | a|a d
040 ## - CATALOGING SOURCE
- Original cataloging agency: NUST
- Transcribing agency: NUST
150 ## - HEADING--TOPICAL TERM
- Topical term or geographic name entry element: MODELING OF DYNAMIC SYSTEM.CONTROL OF DYNAMIC SYSTEM.CONTROL ENGINEERING
670 ## - SOURCE DATA FOUND
- Source citation: Work cat.: (NUST): Macia , Narciso.F , Thaler ,George.J 63351, Modeling and control of dynamic system, 2005
